Statistics for General Knowledge Quiz #96

Click here to take the quiz!

General Stats

  • This quiz has been taken 42,451 times
  • The average score is 10 of 20

Answer Stats

Question Answer % Correct
What is the only U.S. state whose name starts with the letter F?Florida
81%
What disease is characterized by the body's inability to produce or respond to insulin?Diabetes
80%
What type of parasite can grow to over 30 feet in length in a human body?Tapeworm
75%
Which one of Dorothy's companions needed a brain?Scarecrow
73%
In Greek mythology, what is the name of the island that sank into the ocean?Atlantis
71%
What city's film industry is called "Bollywood"?Mumbai
67%
What country built a 1,000 mile fence to prevent the spread of rabbits? (it didn't work)Australia
63%
What movie character has killed 394 people over the course of 24 films?James Bond
62%
Which phase of the moon comes after "waning crescent"?New Moon
57%
Which element is usually used to make nuclear weapon cores?Plutonium
56%
Who wrote "Twenty Thousand Leagues Under the Sea" and
"Around the World in Eighty Days"?
Jules Verne
47%
What musical duo is featured on the soundtrack to the movie "The Graduate"?Simon & Garfunkel
43%
What is nacre also known as?Mother of {Pearl}
42%
What type of plant is molasses usually made from?Sugarcane
39%
What world leader's exploits include shooting a tiger with a tranquilizer gun and
stealing a Super Bowl ring from the owner of the Patriots?
Vladimir Putin
38%
What type of meat is used to make wiener schnitzel?Veal
37%
What country's film industry is called "Nollywood"?Nigeria
33%
After corn, what is the most-planted crop in the United States?Soybeans
31%
In what game can you get 50 extra points for using all of your tiles?Scrabble
27%
What Pacific island was visited by the HMS Bounty and Paul Gauguin?Tahiti
27%

Score Distribution

Percentile by Number Answered

Percent of People with Each Score

Your Score History

You have not taken this quiz